000 00552nam a2200169 i 4500
001 113410
003 ES-MaACL
005 20230906185859.0
007 t|
008 061121s1971 sp r ||||1| spa d
100 1 _aPablo
_bVI
_cPapa, Santo.
_9168351
245 1 1 _a"Populorum Progressio`
_b: sobre el desarrollo de los pueblos /
_cpapa Pablo VI.
260 _aMadrid [etc.] :
_bApostolado de la Prensa,
_c1971.
300 _a74 p. ;
_c17 cm.
650 4 _aIglesia y problemas sociales-
_xEncĂ­clicas.
_9137973
852 _aES-MaACL
_jC-40798
_bR.77567
999 _c113410
_d113410